00691nam a2200193 a 45000010005000000030009000050080041000140200015000550400028000700820017000981000031001152450075001462600051002213000010002726500034002829420012003169990017003289520152003455719CO-ViMGA141112s2004 ck r 000 u spa d a9586016722 aCO-ViMGAbspacCO-ViMGA04a330.98 C172c1 aCárdenas, Mauricio9417910aEl crecimiento económico en América latina : bteoria y práctica aSantafé de Bogotá : bTercer mundo, c1996 a269 p14aEconomía - América LATINA 2ddccBK c17700d17700 00102ddc40708002aMEVIECARbMEVIECARd2015-12-04hVolumen. 1 | 11/jun/2009l0o330.98 C172c p04375r2015-12-04 00:00:00tEj. 1w2015-12-04yBK